|
|
|
|
| LEADER |
01106nam a2200301 a 4500 |
| 001 |
c000016051 |
| 003 |
CARM |
| 005 |
00000000000000.0 |
| 008 |
890920s1989 stk 00010 eng d |
| 019 |
1 |
|
|a 6792253
|5 LACONCORD2021
|
| 020 |
|
|
|a 0080379621
|
| 035 |
|
|
|a (OCoLC)20523668
|5 LACONCORD2021
|
| 040 |
|
|
|d VU
|
| 100 |
1 |
|
|a Bowles, Roger A.
|
| 245 |
1 |
0 |
|a Professional liability :
|b an economic analysis /
|c Roger Bowles and Philip Jones.
|
| 260 |
|
|
|a Aberdeen :
|b Aberdeen University Press,
|c 1989.
|
| 300 |
|
|
|a 78 p. :
|b col. ill. ;
|c 23 cm.
|
| 440 |
|
0 |
|a Hume paper ;
|v no.11
|
| 500 |
|
|
|a At head of title: The David Hume Institute.
|
| 650 |
|
0 |
|a Malpractice
|x Economic aspects.
|
| 650 |
|
0 |
|a Liability (Law)
|x Economic aspects.
|
| 650 |
|
0 |
|a Negligence.
|
| 700 |
1 |
|
|a Jones, Philip,
|c III.
|
| 710 |
2 |
0 |
|a David Hume Institute.
|
| 852 |
8 |
|
|b CARM
|h A2:AH32B0
|i B03813
|p 0183866
|f BK
|
| 082 |
0 |
4 |
|a 338.43/3460332
|2 20
|
| 999 |
f |
f |
|i 3ae21a98-ed6b-5824-aedc-79d2518eb445
|s 99b78f74-50f9-53c6-87c9-f3be44863cbf
|
| 952 |
f |
f |
|p Can circulate
|a CAVAL
|b CAVAL
|c CAVAL
|d CARM 1 Store
|e B03813
|f A2:AH32B0
|h Other scheme
|i book
|m 0183866
|